| 000 | 00469nam a2200181Ia 4500 | ||
|---|---|---|---|
| 008 | 230711s9999||||xx |||||||||||||| ||und|| | ||
| 020 | _a978-1-25-902641-6 | ||
| 041 | _aENG | ||
| 082 |
_a658.8 _bRA-M |
||
| 100 | _aRamaswamy,V S | ||
| 245 | 0 | _aMarketing management | |
| 250 | _a5th Ed. | ||
| 260 |
_c2015 _aNew Delhi _bMcGraw Hill Education(India) Private Limited |
||
| 300 | _a788p. | ||
| 650 | _aUNIVESITY BUSNIESS SCHOOL | ||
| 700 | _aNamakumari,S | ||
| 942 | _cBK | ||
| 999 |
_c5932 _d5932 |
||